Fire gateway (Record no. 105943)
[ view plain ]
| 000 -LEADER | |
|---|---|
| fixed length control field | 00938cam a2200193 4500 |
| 001 - CONTROL NUMBER | |
| control field | ##WS135197 |
| 008 - FIXED-LENGTH DATA ELEMENTS--GENERAL INFORMATION | |
| fixed length control field | 061004n 000 0 eng u |
| 035 ## - SYSTEM CONTROL NUMBER | |
| System control number | (Sirsi) u135197 |
| 041 0# - LANGUAGE CODE | |
| Language code of text/sound track or separate title | eng |
| 110 1# - MAIN ENTRY--CORPORATE NAME | |
| Corporate name or jurisdiction name as entry element | United Kingdom |
| Subordinate unit | HM Government |
| 9 (RLIN) | 5056 |
| 245 00 - TITLE STATEMENT | |
| Title | Fire gateway |
| Remainder of title | workplace safety |
| 520 ## - SUMMARY, ETC. | |
| Summary, etc. | Website aims to help businesses reduce fire risks in the workplace. Provides information on the Regulatory Reform (Fire Safety) Order 2005, suggests ways that businesses can create safer premises, and explains legal obligations. Also includes an online self-assessment form to check whether premises comply with the 2005 Order. |
| 590 ## - LOCAL NOTE (RLIN) | |
| Local note | IKA171006 |
| 650 24 - SUBJECT ADDED ENTRY--TOPICAL TERM | |
| Topical term or geographic name entry element | REGULATORY REFORM (FIRE SAFETY) ORDER 2005 |
| 651 #4 - SUBJECT ADDED ENTRY--GEOGRAPHIC NAME | |
| Geographic name | England and Wales |
| Chronological subdivision | 1543- |
| 690 ## - LOCAL SUBJECT ADDED ENTRY--TOPICAL TERM (OCLC, RLIN) | |
| Topical term or geographic name as entry element | MANAGEMENT-HEALTH AND SAFETY-FIRE SAFETY |
| 856 40 - ELECTRONIC LOCATION AND ACCESS | |
| Uniform Resource Identifier | <a href="https://www.fire.gov.uk/Workplace+safety/">https://www.fire.gov.uk/Workplace+safety/</a> |
| Public note | View the website free of charge at www.fire.gov.uk... |
| 942 ## - ADDED ENTRY ELEMENTS (KOHA) | |
| Suppress in OPAC | 0 |
| Withdrawn status | Lost status | Source of classification or shelving scheme | Damaged status | Not for loan | Home library | Current library | Shelving location | Date acquired | Total Checkouts | Full call number | Barcode | Date last seen | Copy number | Price effective from | Koha item type |
|---|---|---|---|---|---|---|---|---|---|---|---|---|---|---|---|
| Dewey Decimal Classification | Virtual | Virtual | Online | 04/10/2006 | WEB SITE | 135197-2001 | 06/08/2019 | 1 | 06/08/2019 | Online material |